000 00521nam a22001697a 4500
003 0
005 20231204103241.0
008 231204b xxu||||| |||| 00| 0 eng d
020 _a978-621-416-097-6
050 _aHF 5667
_b.Sa25 2021
100 _aSalosagcol, Jekell
245 _aAuditing theory: A guide in understanding the Philippine standards on auditing
_cJekell Salosagcol
260 _aManila
_bGIC Entreprises & Co., Inc.
_cc2021.
300 _a773 pages ;
_c23 cm.
650 _aAuditing.
942 _2lcc
_cBK
999 _c365697
_d365697